UBT Library

Weight Watchers cook book. (Record no. 43672)

000 -LEADER
fixed length control field 00482cam a22001931 4500
001 - CONTROL NUMBER
control field 1697192
005 - DATE AND TIME OF LATEST TRANSACTION
control field 20180228033353.0
008 - FIXED-LENGTH DATA ELEMENTS--GENERAL INFORMATION
fixed length control field 711020s1966 nyua 000 0 eng
010 ## - LIBRARY OF CONGRESS CONTROL NUMBER
LC control number 66015789
040 ## - CATALOGING SOURCE
Original cataloging agency DLC
Transcribing agency DLC
Modifying agency DLC
041 ## - LANGUAGE CODE
Language code of text/sound track or separate title eng
080 ## - UNIVERSAL DECIMAL CLASSIFICATION NUMBER
Universal Decimal Classification number 641.563 JEA
082 00 - DEWEY DECIMAL CLASSIFICATION NUMBER
Classification number 641.563 JEA
100 1# - Rafti
Rafti 9
101 ## - Shkurtesa
Shkurtesa NUT
245 10 - TITLE STATEMENT
Title Weight Watchers cook book.
Statement of responsibility, etc Drawings by Ivy Bottini.
906 ## - LOCAL DATA ELEMENT F, LDF (RLIN)
a 7
b cbc
c orignew
d u
e ocip
f 19
g y-gencatlg
942 ## - ADDED ENTRY ELEMENTS (KOHA)
Source of classification or shelving scheme
Item type Books
Holdings
Withdrawn status Lost status Source of classification or shelving scheme Damaged status Not for loan Collection code Permanent location Current location Shelving location Date acquired Total Checkouts Full call number Barcode Date last seen Price effective from Koha item type
          Koleksioni i përgjithshem UBT - Lipjan UBT - Lipjan Koleksioni i përgjithshem 02/28/2018   641.563 JEA 002-3000364 02/28/2018 02/28/2018 Books
UBT Library © 2015-2024. All rights reserved University Education for Business and Technology